Организация процесса проектирования с использованием модуля human builder программы Сatia; Современные научные исследования и инновации; № 3

Bibliografski detalji
Parent link:Современные научные исследования и инновации: научно-практический журнал.— , 2011-
№ 3.— 2015
Glavni autor: Фех А. И. Алина Ильдаровна
Autor kompanije: Национальный исследовательский Томский политехнический университет (ТПУ) Институт кибернетики (ИК) Кафедра инженерной графики и промышленного дизайна (ИГПД)
Daljnji autori: Исаева Е. С. Елизавета Сергеевна, Скачкова Л. А. Лариса Александровна
Sažetak:Заглавие с экрана
В статье рассмотрены вопросы организации процесса проектирования, а так же основные задачи, которые возникают у дизайнера при формировании проектной концепции. Следовательно, актуальной становится проблема выбора системы автоматизированного проектирования. На основе иллюстрированных примеров, рассмотрены некоторые команды модуля Human Builder программы CATIA французской компании Dassault Systemes.
In the article the questions of the organization of the design process, as well as the main challenges that arise in the designer when forming the design concept. Therefore, the actual problem of the choice of computer-aided design systems. Based on the illustrated examples, the command module Human Builder program CATIA French company Dassault Systemes.
Jezik:ruski
Izdano: 2015
Teme:
Online pristup:http://web.snauka.ru/issues/2015/03/48403
Format: Elektronički Poglavlje knjige
KOHA link:https://koha.lib.tpu.ru/cgi-bin/koha/opac-detail.pl?biblionumber=640557

MARC

LEADER 00000naa0a2200000 4500
001 640557
005 20250305132203.0
035 |a (RuTPU)RU\TPU\network\5117 
035 |a RU\TPU\network\4615 
090 |a 640557 
100 |a 20150420d2015 k||y0rusy50 ca 
101 0 |a rus 
102 |a RU 
135 |a drcn ---uucaa 
181 0 |a i  
182 0 |a b 
200 1 |a Организация процесса проектирования с использованием модуля human builder программы Сatia  |f А. И. Фех, Е. С. Исаева, Л. А. Скачкова 
203 |a Текст  |c электронный 
300 |a Заглавие с экрана 
320 |a [Библиогр.: 5 назв.] 
330 |a В статье рассмотрены вопросы организации процесса проектирования, а так же основные задачи, которые возникают у дизайнера при формировании проектной концепции. Следовательно, актуальной становится проблема выбора системы автоматизированного проектирования. На основе иллюстрированных примеров, рассмотрены некоторые команды модуля Human Builder программы CATIA французской компании Dassault Systemes. 
330 |a In the article the questions of the organization of the design process, as well as the main challenges that arise in the designer when forming the design concept. Therefore, the actual problem of the choice of computer-aided design systems. Based on the illustrated examples, the command module Human Builder program CATIA French company Dassault Systemes. 
461 |t Современные научные исследования и инновации  |o научно-практический журнал  |d 2011- 
463 |t № 3  |d 2015 
610 1 |a электронный ресурс 
610 1 |a труды учёных ТПУ 
610 1 |a антропометрия 
610 1 |a дизайн 
610 1 |a моделирование 
610 1 |a проектирование 
610 1 |a разработка 
610 1 |a САПР 
610 1 |a эргономика 
700 1 |a Фех  |b А. И.  |c специалист в области начертательной геометрии  |c старший преподаватель Томского политехнического университета  |f 1978-  |g Алина Ильдаровна  |3 (RuTPU)RU\TPU\pers\29059  |9 13759 
701 1 |a Исаева  |b Е. С.  |c специалист в области инженерной графики и начертательной геометрии  |c старший преподаватель Томского политехнического университета  |f 1985-  |g Елизавета Сергеевна  |3 (RuTPU)RU\TPU\pers\31782  |9 15893 
701 1 |a Скачкова  |b Л. А.  |c специалист в области начертательной геометрии  |c старший преподаватель Томского политехнического университета, инженер  |f 1977-  |g Лариса Александровна  |3 (RuTPU)RU\TPU\pers\28286  |9 13230 
712 0 2 |a Национальный исследовательский Томский политехнический университет (ТПУ)  |b Институт кибернетики (ИК)  |b Кафедра инженерной графики и промышленного дизайна (ИГПД)  |3 (RuTPU)RU\TPU\col\18737 
801 2 |a RU  |b 63413507  |c 20150420  |g RCR 
856 4 0 |u http://web.snauka.ru/issues/2015/03/48403 
942 |c CF